00524 a2200169 450000100060000002000180000604000240002410000200004824000570006824500520012530000090017736200090018665000310019594200070022695201040023399900170033747206 a9788539400638 cAnchieta - Aquarius aBARBER, Shirley10a*Meu primeiro livro de contos de fadas de ninarlpor10a*Meu primeiro livro de contos de fadas de ninar a20p.0 a2010 4aLiteratura infanto-juvenil cBK 00104070a87.1b87.1d2023-11-21l0o028.5 BAR MEUp5663/AQUr2023-11-21 15:14:01w2023-11-21yBK c47206d47206